Zasvietili prvé lúče

Aj napriek tomu, že EÚ sa snaží dostať čo najviac prepravovaného tovaru z ciest na iné, ekologickejšie druhy prepráv, železničná doprava je zatiaľ málo konkurencieschopná. Náklady na prepravu na železnici sú u nás niekoľko násobne vyššie ako pri cestnej preprave.

Enregistré dans:
Détails bibliographiques
Auteur principal: Prikryl, Pavol
Format: Chapitre de livre
Langue:slovaque
Sujets:
Tags: Ajouter un tag
Pas de tags, Soyez le premier à ajouter un tag!

MARC

LEADER 00000naa$a2200000$$$4500
001 0091622
005 20231128093916.4
041 0 |a slo 
044 |a SK 
245 1 0 |a Zasvietili prvé lúče  |c Pavol Prikryl 
520 |a Aj napriek tomu, že EÚ sa snaží dostať čo najviac prepravovaného tovaru z ciest na iné, ekologickejšie druhy prepráv, železničná doprava je zatiaľ málo konkurencieschopná. Náklady na prepravu na železnici sú u nás niekoľko násobne vyššie ako pri cestnej preprave. 
610 2 0 |a doprava železničná 
610 2 0 |a doprava železničná nákladná 
610 2 0 |a doprava železničná osobná 
610 2 0 |a konkurencieschopnosť 
610 2 0 |a Európska únia 
610 2 0 |a Slovensko 
100 1 |a Prikryl, Pavol